Bóng đá Kỹ chiến thuật và phương pháp tập luyện

में बचाया:
ग्रंथसूची विवरण
मुख्य लेखक: Ma, Tuyết Điền
स्वरूप: पुस्तक
भाषा:Undetermined
प्रकाशित: Hà Nội TDTT 2001
विषय:
टैग : टैग जोड़ें
कोई टैग नहीं, इस रिकॉर्ड को टैग करने वाले पहले व्यक्ति बनें!
Thư viện lưu trữ: Trung tâm Học liệu Trường Đại học Cần Thơ
LEADER 00548nam a2200181Ia 4500
001 CTU_41791
008 210402s9999 xx 000 0 und d
082 |a 796.334 
082 |b Đ305 
100 |a Ma, Tuyết Điền 
245 0 |a Bóng đá 
245 0 |b Kỹ chiến thuật và phương pháp tập luyện 
245 0 |c Ma Tuyết Điền; Dịch giả: Đặng Bình 
260 |a Hà Nội 
260 |b TDTT 
260 |c 2001 
650 |a football 
980 |a Trung tâm Học liệu Trường Đại học Cần Thơ